000 00370 a2200133 4500
082 _a297.0112
090 _c6169
_d6169
100 _aAzam,Ikram.
245 _aMoral Values Education:An Islami Futuristic Vision.
_cIkram Azam.
260 _aIslamabad.
_bThe PFI and Margalla Voices.
_c2005.
300 _a211p.
500 _aHard cover.
942 _aNBS
_cBK
_k297.0112 AZA
999 _c348545
_d348545